书目信息 |
| 题名: |
民族政策概论
|
|
| 作者: | 穆殿春 | |
| 分册: | ||
| 出版信息: | 北京 民族出版社 2010.06 |
|
| 页数: | ||
| 开本: | ||
| 丛书名: | ||
| 单 册: | ||
| 中图分类: | D633.0 | |
| 科图分类: | ||
| 主题词: | 政治--中国 | |
| 电子资源: | ||
| ISBN: | 7-105-10989-0 | |
| 000 | 00522nam0 2200181 450 | |
| 001 | 2431954002 | |
| 005 | 20241011085557.48 | |
| 010 | @a7-105-10989-0@dCNY30.00 | |
| 100 | @a20241011d2010 km y0chiy0120 ea | |
| 101 | 0 | @achi |
| 102 | @aCN@b110000 | |
| 200 | 1 | @a民族政策概论@AMin Zu Zheng Ce Gai Lun@f穆殿春@FMu Dian Chun |
| 210 | @a北京@c民族出版社@d2010.06 | |
| 606 | 0 | @a政治@x中国 |
| 690 | @aD633.0@v4 | |
| 701 | 0 | @a穆殿春@AMu Dian Chun |
| 801 | 0 | @aCN@b大连网信软件有限公司图书馆·11@c20241011 |
| 905 | @aZUCC@dD633.0@e482 | |
| 民族政策概论/穆殿春.-北京:民族出版社,2010.06 |
| ISBN 7-105-10989-0:CNY30.00 |
| ● |
| 相关链接 |
|
|
|
|
正题名:民族政策概论
索取号:D633.0/482
 
预约/预借
| 序号 | 登录号 | 条形码 | 馆藏地/架位号 | 状态 | 备注 |
| 1 | 1054441 | 210544419 | 第一样本阅览室/ [索取号:D633.0/482] | 在馆 |